Dutch train stations - Noord-Brabant - Statistics

General Stats
  • This quiz has been taken 395 times
  • The average score is 22 of 35
Answer Stats
Company Answer % Correct
NS Breda
97%
NS Eindhoven
97%
NS Tilburg
97%
NS 's-Hertogenbosch
96%
NS Oss
86%
NS Roosendaal
86%
NS Bergen op Zoom
84%
NS Helmond
82%
NS Tilburg Universiteit
78%
NS Boxtel
76%
NS Eindhoven Strijp-S
73%
NS Best
71%
NS Vught
69%
NS Etten-Leur
68%
NS Deurne
61%
NS Gilze-Rijen
60%
NS Oisterwijk
60%
NS Tilburg Reeshof
60%
NS Breda-Prinsenbeek
59%
NS Geldrop
59%
NS 's-Hertogenbosch Oost
59%
NS Rosmalen
57%
NS Lage Zwaluwe
54%
NS Heeze
52%
NS Oss West
52%
Arriva Boxmeer
47%
NS Maarheeze
46%
Arriva Cuijk
44%
NS Helmond Brandevoort
43%
NS Zevenbergen
42%
NS Ravenstein
41%
NS Helmond Brouwhuis
39%
NS Helmond 't Hout
39%
NS Oudenbosch
38%
Arriva Vierlingsbeek
26%
No matching quizzes found
Score Distribution
Percent of People with Each Score
Percentile by Number Answered
Your Score History
You have not taken this quiz